Catholic University of Zimbabwe Library
Online Public Access Catalogue
(OPAC)

Once Upon A Time There Was A Bookseller in Kabul (Record no. 11930)

MARC details
000 -LEADER
fixed length control field 00276 a2200109 4500
245 ## - TITLE STATEMENT
Title Once Upon A Time There Was A Bookseller in Kabul
Medium Text
100 ## - MAIN ENTRY--PERSONAL NAME
Personal name Rais,Shah. M
650 ## - SUBJECT ADDED ENTRY--TOPICAL TERM
Topical term or geographic name entry element English Novel
260 ## - PUBLICATION, DISTRIBUTION, ETC.
Place of publication, distribution, etc. Kabul
Name of publisher, distributor, etc. Shah M Book Co
Date of publication, distribution, etc. 2007
041 ## -
-- English
084 ## -
-- NONE

No items available.

OPENING HOURS

Weekdays: 0815hrs - 1800hrs
Weekends:0900hrs - 1200hrs

Closed for Mass:

Mon, Thur: 1200hrs - 1300hrs
Sunday & Public Holiday’s

CALL SUPPORT

0242-570570, 0242-570169
09200664, +263 8644140602

LOCATION

18443, Cranborne Avenue, Hatfield, Harare

Other Links


©2021 | CUZ Library